000 00359 a2200169 4500
001 189971
020 _a85-08-11133-6
040 _cMagnum
100 _aJunqueira, Sonia
240 1 0 _aO susto do periquito
_lpor
245 1 0 _aO susto do periquito
300 _a24
362 0 _a2015
440 1 _aÁtica
697 _aLITERATURA INFANTIL
942 _cBK
999 _c189971
_d189971